[Event "SRB-chT 2nd League"]
[Site "Novi Sad"]
[Date "2023.11.09"]
[Round "11.4"]
[White "Varga, Robert"]
[Black "Juhasz, Bencze"]
[Result "0-1"]
[WhiteElo "2043"]
[BlackElo "2210"]
[PlyCount "90"]
[EventDate "2023.11.02"]
[EventType "team-tourn"]
[EventRounds "11"]
[EventCountry "SRB"]
[SourceTitle "CB46_2023"]
[SourceDate "2023.11.15"]
[SourceVersion "1"]
[SourceVersionDate "2023.11.15"]
[SourceQuality "1"]
[WhiteTeam "Zlatica"]
[BlackTeam "Lajos Segi Bajsa"]
[WhiteTeamCountry "SRB"]
[BlackTeamCountry "SRB"]

1. d4 Nf6 2. c4 g6 3. Nf3 Bg7 4. Nc3 0-0 5. g3 d6 6. Bg2 Nc6 7. 0-0 e5 8. dxe5 dxe5 9. Qxd8 Rxd8 10. Bg5 Be6 11. b3 h6 12. Bxf6 Bxf6 13. Rad1 Nb4 14. Nb5 Rdc8 15. Nd2 a6 16. Nc3 c6 17. Nde4 Be7 18. Nd6 Rc7 19. Rd2 Rd8 20. Rfd1 Rcd7 21. Nde4 Rxd2 22. Rxd2 Rxd2 23. Nxd2 f5 24. Kf1 a5 25. e3 Kf7 26. Ke2 Kf6 27. h4 e4 28. f3 exf3+ 29. Bxf3 Bd6 30. Kf2 Be5 31. Ndb1 Ke7 32. e4 f4 33. gxf4 Bxf4 34. Be2 Be5 35. a3 Nc2 36. Bd1 Nxa3 37. Nxa3 Bxc3 38. Nc2 h5 39. Ne1 Kd6 40. Nd3 b6 41. Ke3 Bf6 42. Nf4 Bf7 43. Ng2 b5 44. cxb5 cxb5 45. Bc2 Kc5 0-1